| 000 | 00720nam a2200241 a 4500 | ||
|---|---|---|---|
| 001 | 10259 | ||
| 003 | BD-RjUL | ||
| 005 | 20211208234925.0 | ||
| 008 | 140123s1964 nyua b 000 0 eng | ||
| 035 | _a(BD-RjUL)10307 | ||
| 040 |
_aDLC _cODaWU _dOCoLC _dUk _dDLC _dBD-RjUL _beng |
||
| 041 | _aeng | ||
| 082 | 0 | 0 |
_a547 _223 _bPHS 1964 |
| 100 | 1 |
_aPhillips, John Perrow, _d1925- _915220 |
|
| 245 | 1 | 0 |
_aSpectra-structure correlation / _cJohn P. Phillips. |
| 260 |
_aNew York : _bAcademic Press, _cc1964. |
||
| 300 |
_aix, 172 p. : _bill. ; _c24 cm. |
||
| 504 | _aBibliographical footnotes. | ||
| 650 | 0 |
_aChemistry, Organic. _931700 |
|
| 650 | 0 |
_aAbsorption spectra. _931701 |
|
| 942 |
_2ddc _cBK |
||
| 999 |
_c10259 _d10259 |
||